Vista normal
Vista MARC
Entrada Materia (personas)
Número de registros utilizados en: 1
001 - CONTROL NUMBER
- control field: 84417
003 - CONTROL NUMBER IDENTIFIER
- control field: Co-BoUCM
005 - DATE AND TIME OF LATEST TRANSACTION
- control field: 20170301155211.0
008 - FIXED-LENGTH DATA ELEMENTS
- fixed length control field: 170301|| aca||aabn | a|a d
040 ## - CATALOGING SOURCE
- Original cataloging agency: Co-BoUCM
- Transcribing agency: Co-BoUCM
100 ## - HEADING--PERSONAL NAME
- Personal name: Baunard
- Dates associated with a name: 1826-1919
- Fuller form of name: Mgr
670 ## - SOURCE DATA FOUND
- Source citation: Work cat.: (Co-BoUCM): Baunard 1826-1919 Mgr, Le Doute et ses victimes dans le siècle présent, 1909